Statistics for Complete the Card - WCW Starrcade 1997

Click here to take the quiz!

General Stats

  • This quiz has been taken 103 times
  • The average score is 14 of 20

Answer Stats

Answer% Correct
Hollywood Hogan
100%
Sting
98%
Eddie Guerrero
88%
Goldberg
82%
Chris Benoit
80%
Diamond Dallas Page
80%
Perry Saturn
79%
Dean Malenko
77%
Lex Luger
77%
Randy Savage
77%
Rick Steiner
76%
Scott Steiner
76%
Eric Bischoff
67%
Buff Bagwell
61%
Curt Hennig
59%
Scott Norton
58%
Steve McMichael
55%
Vincent
52%
Larry Zbyszko
48%
Ray Traylor
38%

Score Distribution

Percentile by Number Answered

Percent of People with Each Score

Your Score History

You have not taken this quiz